00527nam a2200181Ia 4500003000900000008004100009020001800050040001600068080001300084100002000097245006200117260003500179300001500214650002300229650002000252650003000272650004300302IN-BaIIA211028s9999 xx 000 0 eng d a0-12-395050-3 cIIA Library a535bKAM aKaminow, Ivan P 3aAn Introduction to electro optic devicescIvan P. Kaminow aNew YorkbAcademic Pressc1974 axiv, 409p. a Crystal optics  a Dielectrics  a Electro-optical devices aAstronomy and astrophysics thesaurus